MESTSKÁ KNIŽNICA GIRALTOVCE  - online katalóg 

Čítanie v mysli bábkara a básnika (Jozefa Mokoša) (Record no. 23224)

000 -NÁVESTIE
fixed length control field 02409cam a2200697 a 4500
001 - EVIDENČNÉ ČÍSLO ZÁZNAMU - Kontrolné číslo
control field vtls011619735
005 - DÁTUM A ČAS POSLEDNEJ TRANSAKCIE
control field 20220427114108.0
008 - ÚDAJE S PEVNOU DĹŽKOU – VŠEOBECNÉ INFORMÁCIE
fixed length control field 201207s2016 xo oa g bn 001 0dslo
020 ## - MEDZINÁRODNÉ ŠTANDARDNÉ ČÍSLO KNIHY (ISBN)
Medzinárodné štandardné číslo knihy (ISBN) 9788097248581
Qualifying information (viaz.)
035 ## - Iný štandardný identifikátor
Iný štandardný identifikátor 72E872CD-05CE-4522-B783-C3DEC39417EB
035 ## - Iný štandardný identifikátor
Iný štandardný identifikátor urn:nbn:sk:snk-am3ib66
035 ## - Iný štandardný identifikátor
Iný štandardný identifikátor urn:nbn:sk:snk-am00e0mw
040 ## - ZDROJ KATALOGIZÁCIE
Pôvodná katalogizujúca agentúra SVKBB
Jazyk katalogizácie slo
Prepisujúca agentúra SVKBB
Modifikujúca agentúra SNK
Konvencie popisu AACR2
041 0# - KÓD JAZYKA
Kód jazyka textu/zvukovej stopy alebo samostatných nápisov slo
Kód jazyka zhrnutia alebo abstraktu/titulkov alebo nápisov eng
044 ## - KÓD KRAJINY VYDAVATEĽA/PRODUCENTA
Kód krajiny MARC xo
Kód krajiny ISO SK
072 #7 - KÓD PREDMETOVEJ KATEGÓRIE
Kód predmetovej kategórie 792
Pododdiel kódu predmetovej kategórie Divadlo. Divadelné predstavenia
Zdroj konspekt
072 #7 - KÓD PREDMETOVEJ KATEGÓRIE
Kód predmetovej kategórie 929
Pododdiel kódu predmetovej kategórie Biografie
Zdroj konspekt
072 #7 - KÓD PREDMETOVEJ KATEGÓRIE
Kód predmetovej kategórie 01
Pododdiel kódu predmetovej kategórie Bibliografia. Katalógy
Zdroj konspekt
080 ## - ČÍSLO MEDZINÁRODNÉHO DESATINNÉHO TRIEDENIA (MDT)
Číslo Medzinárodného desatinného triedenia (MDT) 821.162.4-051
Identifikátor vydania 2011
080 ## - ČÍSLO MEDZINÁRODNÉHO DESATINNÉHO TRIEDENIA (MDT)
Číslo Medzinárodného desatinného triedenia (MDT) 7.07-026.12
Identifikátor vydania 2011
080 ## - ČÍSLO MEDZINÁRODNÉHO DESATINNÉHO TRIEDENIA (MDT)
Číslo Medzinárodného desatinného triedenia (MDT) (092)
Identifikátor vydania 2011
080 ## - ČÍSLO MEDZINÁRODNÉHO DESATINNÉHO TRIEDENIA (MDT)
Číslo Medzinárodného desatinného triedenia (MDT) (01)
Identifikátor vydania 2011
080 ## - ČÍSLO MEDZINÁRODNÉHO DESATINNÉHO TRIEDENIA (MDT)
Číslo Medzinárodného desatinného triedenia (MDT) (048.8)
Identifikátor vydania 2011
080 ## - ČÍSLO MEDZINÁRODNÉHO DESATINNÉHO TRIEDENIA (MDT)
Číslo Medzinárodného desatinného triedenia (MDT) 792
Identifikátor vydania 2011
080 ## - ČÍSLO MEDZINÁRODNÉHO DESATINNÉHO TRIEDENIA (MDT)
Číslo Medzinárodného desatinného triedenia (MDT) 792.027
Identifikátor vydania 2011
080 ## - ČÍSLO MEDZINÁRODNÉHO DESATINNÉHO TRIEDENIA (MDT)
Číslo Medzinárodného desatinného triedenia (MDT) 808.1
Identifikátor vydania 2011
080 ## - ČÍSLO MEDZINÁRODNÉHO DESATINNÉHO TRIEDENIA (MDT)
Číslo Medzinárodného desatinného triedenia (MDT) (437.6)
Identifikátor vydania 2011
245 00 - NÁZOV
Názov Čítanie v mysli bábkara a básnika (Jozefa Mokoša)
Údaj o zodpovednosti atď. Dagmar Inštitorisová ... [et al.]
250 ## - ÚDAJ O PORADÍ VYDANIA
Údaj o poradí vydania 1. vyd.
260 ## - VYDAVATEĽSKÉ ÚDAJE, DISTRIBÚCIA ATĎ.
Miesto publikovania, distribúcie atď. Bratislava
Názov vydavateľa, distibútora atď. Slovenské centrum UNIMA
-- Vysoká škola muzických umení
Dátum publikovania, distribúcie atď. 2016
300 ## - FYZICKÝ POPIS
Rozsah 423 s.
Ďalšie fyzické detaily fotogr., ilustr.
Rozmery 25 cm
Sprievodný materiál 1 DVD
500 ## - VŠEOBECNÁ POZNÁMKA
Formátovaná poznámka o obsahu Biografické údaje
546 ## - POZNÁMKA O JAZYKU
Poznámka o jazyku Anglické resumé
600 17 - PRIDANÝ VSTUP – PREDMET – OSOBNÉ MENO
Osobné meno Mokoš, Jozef,
Dátumy súvisiace s menom 1941-
Zdroj hesla alebo termínu SNKMA
-- 3007
650 07 - PRIDANÝ VSTUP – PREDMET – TEMATICKÉ HESLO
Tematické heslo alebo geografický názov ako vstupný prvok literárna tvorba
Zdroj hesla alebo termínu SNKPH
-- 3008
650 07 - PRIDANÝ VSTUP – PREDMET – TEMATICKÉ HESLO
Tematické heslo alebo geografický názov ako vstupný prvok Literary creation
Zdroj hesla alebo termínu SNKPHeng
-- 3009
650 07 - PRIDANÝ VSTUP – PREDMET – TEMATICKÉ HESLO
Tematické heslo alebo geografický názov ako vstupný prvok umelecká činnosť
Zdroj hesla alebo termínu SNKPH
-- 3010
650 07 - PRIDANÝ VSTUP – PREDMET – TEMATICKÉ HESLO
Tematické heslo alebo geografický názov ako vstupný prvok Artistic activity
Zdroj hesla alebo termínu SNKPHeng
-- 3011
650 07 - PRIDANÝ VSTUP – PREDMET – TEMATICKÉ HESLO
Tematické heslo alebo geografický názov ako vstupný prvok divadelná dramaturgia
Zdroj hesla alebo termínu SNKPH
-- 3012
650 07 - PRIDANÝ VSTUP – PREDMET – TEMATICKÉ HESLO
Tematické heslo alebo geografický názov ako vstupný prvok Dramaturgy
Zdroj hesla alebo termínu SNKPHeng
-- 3013
650 07 - PRIDANÝ VSTUP – PREDMET – TEMATICKÉ HESLO
Tematické heslo alebo geografický názov ako vstupný prvok slovenskí spisovatelia
Zdroj hesla alebo termínu SNKPH
-- 2256
650 07 - PRIDANÝ VSTUP – PREDMET – TEMATICKÉ HESLO
Tematické heslo alebo geografický názov ako vstupný prvok Slovak authors
Zdroj hesla alebo termínu SNKPHeng
-- 2258
650 07 - PRIDANÝ VSTUP – PREDMET – TEMATICKÉ HESLO
Tematické heslo alebo geografický názov ako vstupný prvok dramaturgovia
Zdroj hesla alebo termínu SNKPH
-- 3014
650 07 - PRIDANÝ VSTUP – PREDMET – TEMATICKÉ HESLO
Tematické heslo alebo geografický názov ako vstupný prvok Dramaturges
Zdroj hesla alebo termínu SNKPHeng
-- 3015
651 #7 - PRIDANÝ VSTUP – PREDMET – GEOGRAFICKÝ NÁZOV
Geografický názov Slovensko
Zdroj hesla alebo termínu SNKPH
-- 1613
651 #7 - PRIDANÝ VSTUP – PREDMET – GEOGRAFICKÝ NÁZOV
Geografický názov Slovakia
Zdroj hesla alebo termínu SNKPHeng
-- 1614
655 #7 - INDEXAČNÝ TERMÍN – ŽÁNER/FORMA
Údaje o žánri/forme alebo termín, ktorý je prvok fazety biografie
Zdroj termínu SNKPH
-- 1756
655 #7 - INDEXAČNÝ TERMÍN – ŽÁNER/FORMA
Údaje o žánri/forme alebo termín, ktorý je prvok fazety Biography
Zdroj termínu SNKPHeng
-- 1759
655 #7 - INDEXAČNÝ TERMÍN – ŽÁNER/FORMA
Údaje o žánri/forme alebo termín, ktorý je prvok fazety bibliografie
Zdroj termínu SNKPH
-- 3016
655 #7 - INDEXAČNÝ TERMÍN – ŽÁNER/FORMA
Údaje o žánri/forme alebo termín, ktorý je prvok fazety Bibliographies
Zdroj termínu SNKPHeng
-- 3017
655 #7 - INDEXAČNÝ TERMÍN – ŽÁNER/FORMA
Údaje o žánri/forme alebo termín, ktorý je prvok fazety monografie
Zdroj termínu SNKPH
-- 1661
655 #7 - INDEXAČNÝ TERMÍN – ŽÁNER/FORMA
Údaje o žánri/forme alebo termín, ktorý je prvok fazety Monographs
Zdroj termínu SNKPHeng
-- 1662
700 1# - PRIDANÝ VSTUP – OSOBNÉ MENO
Osobné meno Inštitorisová, Dagmar,
Dátumy súvisiace s menom 1961-
Kód roly aut
-- 3018
700 1# - PRIDANÝ VSTUP – OSOBNÉ MENO
Osobné meno Bokníková, Andrea,
Dátumy súvisiace s menom 1969-
Kód roly aut
-- 3019
700 1# - PRIDANÝ VSTUP – OSOBNÉ MENO
Osobné meno Hledíková, Ida
Kód roly aut
-- 3020
700 1# - PRIDANÝ VSTUP – OSOBNÉ MENO
Osobné meno Krajč Zamišková, Barbora
Kód roly aut
-- 3021
700 1# - PRIDANÝ VSTUP – OSOBNÉ MENO
Osobné meno Mikšík, Matúš
Kód roly aut
-- 3022
700 1# - PRIDANÝ VSTUP – OSOBNÉ MENO
Osobné meno Tilajčík, Peter
Kód roly aut
-- 3023
958 ## - Formálny deskriptor
Formálny deskriptor NB
958 ## - Formálny deskriptor
Formálny deskriptor BX
Holdings
Stav stiahnutia (Blokovanie) (Withrawn status) Stav straty Zdroj klasifikácie pre skladovanie Stav poškodenia (Damaged status) Nie pre výpožičky (Not for loan) Spôsob nadobudnutia (Collection code) Trvalé umiestnenie Aktuálne umiestnenie Dátum nadobudnutia Inventárne číslo (prírastkové číslo) Full call number Čiarový kód Dátum posledného výskytu Cena s účinnosťou od Typ jednotky Koha
          Kúpa Mestská knižnica Giraltovce Mestská knižnica Giraltovce 2019-11-29 21178 I1841 I1841 2022-04-27 2022-04-27 Odborná literatúra pre dospelých

Powered by Koha